Serie A (Italy) Top 4 Positions - Statistics

General Stats
  • This quiz has been taken 221 times
  • The average score is 21 of 46
Answer Stats
Answer % Correct
Juventus
100%
Milan
100%
Inter
99%
Naples
99%
Napoli
98%
Roma
98%
Lazio
95%
Atalanta
89%
Fiorentina
88%
Genoa
86%
Sampdoria
84%
Torino
84%
Bologna
80%
Parma
78%
Hellas Verona
77%
Udinese
76%
Cagliari
71%
Venezia
59%
ChievoVerona
54%
Pisa
42%
Perugia
36%
Pro Vercelli
34%
Vicenza
34%
Livorno
32%
Padova
30%
SPAL
28%
Modena
26%
Ascoli
25%
Triestina
24%
Casale
23%
Alessandria
21%
Anconitana
17%
Novese
12%
Sampierdarenese
8%
Andrea Doria
6%
US Milanese
5%
Alba Roma
4%
Fortitudo
4%
Ginnastica Torino
4%
Savoia
4%
Internaples
3%
Internazionale Napoli
3%
Internazionale Torino
3%
Petrarca
3%
Puteolana
3%
Torinese
3%
No matching quizzes found
Score Distribution
Percent of People with Each Score
Percentile by Number Answered
Your Score History
You have not taken this quiz